000 00234nam a2200121Ia 4500
100 _a#N/A
942 _cBK
245 _aGroup Discussion and interview skills
260 _b#N/A
082 _b21535
546 _aENGLISH
999 _c26364
_d26364